TOWARDS A MODEL FOR TELECOMMUTING ADOPTION IN THE MOBILE COMMUNICATION INDUSTRY IN KENYA A CASE OF SAFARICOM AND AIRTEL COMPANIES (Record no. 216829)

MARC details
000 -LEADER
fixed length control field 00488nam a22001457a 4500
008 - FIXED-LENGTH DATA ELEMENTS--GENERAL INFORMATION
fixed length control field 260311b |||||||| |||| 00| 0 eng d
050 ## - LIBRARY OF CONGRESS CALL NUMBER
Classification number THE HD 2336.3 2015
Item number 1
100 ## - MAIN ENTRY--PERSONAL NAME
Personal name WANJIRU KIARIE CATHERINE
245 ## - TITLE STATEMENT
Title TOWARDS A MODEL FOR TELECOMMUTING ADOPTION IN THE MOBILE COMMUNICATION INDUSTRY IN KENYA A CASE OF SAFARICOM AND AIRTEL COMPANIES
260 ## - PUBLICATION, DISTRIBUTION, ETC.
Place of publication, distribution, etc. KISII
Name of publisher, distributor, etc. KSU
Date of publication, distribution, etc. 2015
300 ## - PHYSICAL DESCRIPTION
Extent XIII,65P;ILL
500 ## - GENERAL NOTE
General note INCLUDES REFERENCES
942 ## - ADDED ENTRY ELEMENTS (KOHA)
Source of classification or shelving scheme Library of Congress Classification
Koha item type Reference

No items available.